| 000 | 00617nam a2200205 a 4500 | ||
|---|---|---|---|
| 001 | BRCA_379 | ||
| 005 | 20190320203001.0 | ||
| 008 | 090905s1987----ja-a---###---#000-0#eng-# | ||
| 020 | _a087040752X | ||
| 050 | 4 |
_aDS821 _b.P52 1987 |
|
| 245 | 1 | 0 |
_aPictorial Encyclopedia of Japanese Culture _bThe Soul and Heritage of Japan |
| 260 |
_aTokyo, Japón _bGakken _c1987 |
||
| 300 |
_a130 p. _bil. (algunas a color) _c27 cm. |
||
| 500 | _aDonación Fundación Japón | ||
| 650 | 1 | 4 |
_aCultura popular _zJapón _91272 |
| 651 | 4 |
_aJapón _xCivilización _91273 |
|
| 710 | 2 |
_aGakken Company _91274 |
|
| 902 | _aDFJ | ||
| 942 |
_2lcc _cB |
||
| 999 |
_c315 _d315 |
||